000 00798 a2200241 4500
999 _c3437
_d3437
020 _a0853088810
050 0 0 _aKD2971 COP 2004
100 _aCook, Trevor
_eauthor
245 0 4 _aThe copyright directive :
_bUK implementation /
_cTrevor Cook.
264 _aBristol:
_bJordan publishing ltd.
_c2004
300 _axxiv, 268 p. ;
500 _aIncludes bibliographical references and index.
504 _aIncludes bibliographical references and index.
650 0 _aCopyright
650 0 _aCopyright
_xElectronic information resources
650 0 _aCopyright
650 0 _aCopyright
_xElectronic information resources
700 1 _aBrazel, Lorna
_eauthor
700 1 _aChalton, Simon
_eauthor
700 1 _aSmyth, Calum
_eauthor
710 2 _aBird & Bird (Firm)
942 _2lcc
_cBK
_h2971
_iCOP
_kKF